[Event "DRAGHIEN  I"]
[Site "SchemingMind.com"]
[Date "2016.06.05"]
[Round "-"]
[White "ray winteringham"]
[Black "Simon Green"]
[Result "1-0"]
[WhiteCountry "ENG"]
[BlackCountry "ENG"]
[WhiteElo "1490"]
[WhiteRD "52"]
[BlackElo "1600"]
[BlackRD "58"]
[GameID "400028"]

1. e4 e6 2. d4 d5 3. e5 c5 4. c3 c4 5. Be2 Nc6 6. Nf3 Be7 7. Bf4 f5 8. O-O Bd7 9. Nbd2 b5 10. b3 a5
11. h3 h6 12. Nh2 Bg5 13. Bxg5 hxg5 14. Bh5+ Kf8 15. Be2 Nge7 16. Ndf3 Ng6 17. Qc1 Nf4 18. Re1 g6 19. Kh1 Qe7 20. Rb1 Nxe2
21. Rxe2 Rh5 22. Ng1 Qh7 23. f3 Kg7 24. Qf1 f4 25. Rf2 Ne7 26. Ng4 Ng8 27. bxc4 dxc4 28. a4 b4 29. Qxc4 Kh8 30. cxb4 axb4
31. Rxb4 Qe7 32. Rb7 Rc8 33. Qb4 Qxb4 34. Rxb4 Rh7 35. Rfb2 Nh6 36. Nf6 Rg7 37. Rb8 Rf7 38. R2b7 Rxb8 39. Rxb8+ Kg7 40. Rb7 Bxa4
41. Rxf7+ Kxf7 42. Ne2 Nf5 43. Nc3 Bb3 44. Kg1 Ne3 45. Nce4 Ke7 46. Kf2 Bc4 47. Nxg5 Nf5 48. Nfe4 Nh4 49. g3 fxg3+ 50. Kxg3 Nf5+
51. Kf4 Nxd4 52. Nd2 Bd5 53. Ke3 Nf5+ 54. Kf2 Kd7 55. f4 Kc6 56. Nh7 Kc5 57. Ng5 Kd4 58. Ndf3+ Bxf3 59. Kxf3 Kd5 60. Kg4 Nh6+
61. Kf3 Nf5 62. Nh7 Nd4+ 63. Ke3 Nf5+ 64. Kd3 Nh4 65. Nf8 Nf3 66. Nxg6 Ne1+ 67. Ke2 Ng2 68. Kf3 Ne1+ 69. Kg4 Ke4 70. Nf8 Kd5
71. h4
1-0

[Event "DRAGHIEN  I"]
[Site "SchemingMind.com"]
[Date "2016.06.05"]
[Round "-"]
[White "Simon Green"]
[Black "ray winteringham"]
[Result "1-0"]
[WhiteCountry "ENG"]
[BlackCountry "ENG"]
[WhiteElo "1593"]
[WhiteRD "62"]
[BlackElo "1505"]
[BlackRD "53"]
[GameID "400029"]

1. d4 d5 2. e3 Bd7 3. Bd3 e6 4. f4 c5 5. c3 c4 6. Bc2 Bd6 7. Nf3 Nc6 8. O-O Nge7 9. Nbd2 h6 10. Ne5 Nxe5
11. fxe5 Bc7 12. Qf3 O-O 13. e4 Bc6 14. exd5 Bxd5 15. Be4 b5 16. Qg4 Rb8 17. b4 Bxe4 18. Nxe4 Ng6 19. g3 Qe8 20. Bxh6 gxh6
21. Nf6+
1-0

[Event "DRAGHIEN  I"]
[Site "SchemingMind.com"]
[Date "2016.06.07"]
[Round "-"]
[White "tyler_ensor"]
[Black "kenneth m day"]
[Result "1-0"]
[WhiteCountry "CAN"]
[BlackCountry "USA"]
[WhiteElo "1921"]
[WhiteRD "76"]
[BlackElo "1736"]
[BlackRD "54"]
[GameID "400122"]

1. d4 Nf6 2. c4 e6 3. Nc3 Bb4 4. e3 O-O 5. Bd3 d5 6. Nf3 c5 7. O-O Nc6 8. a3 Bxc3 9. bxc3 b6 10. cxd5 exd5
11. Ne5 Nxe5 12. dxe5 Ng4 13. f4 Qh4 14. h3 Nh6 15. f5 Bd7 16. f6 g6 17. e4 dxe4 18. Bxe4 Qxe4 19. Qxd7 Rfd8 20. Qb5 Qxe5
21. Bxh6 Qxc3 22. Qe2 Rd2 23. Qxd2 Qe5 24. Rae1
1-0

[Event "DRAGHIEN  I"]
[Site "SchemingMind.com"]
[Date "2016.06.07"]
[Round "-"]
[White "kenneth m day"]
[Black "tyler_ensor"]
[Result "0-1"]
[WhiteCountry "USA"]
[BlackCountry "CAN"]
[WhiteElo "1724"]
[WhiteRD "56"]
[BlackElo "1852"]
[BlackRD "77"]
[GameID "400123"]

1. e4 c5 2. d4 cxd4 3. c3 dxc3 4. Nxc3 e6 5. Nf3 a6 6. Bc4 b5 7. Bb3 Bb7 8. Qe2 d6 9. O-O Nd7 10. Bg5 Be7
11. Bxe7 Qxe7 12. Rfd1 Nb6 13. Rac1 Nf6 14. Qe3 Nc4 15. Bxc4 bxc4 16. Qd4 O-O 17. Qxc4 Rac8 18. Qb4 Rc5 19. Qd4 Rd8 20. Qe3 d5
21. exd5 Nxd5 22. Nxd5 Rcxd5 23. Rxd5 Rxd5 24. h3 Qd6 25. Qa7 Rd1+ 26. Rxd1 Qxd1+ 27. Kh2 Qd6+ 28. Kg1 Bxf3 29. gxf3 g6 30. Qa8+ Kg7
31. Kg2 h5 32. Qe4 Qd5 33. b3 a5 34. Qc2 h4 35. Qc3+ Kf8 36. Qc8+ Ke7 37. Qc7+ Kf6 38. Qc3+ Qe5 39. Qe3 Qd5 40. Qc3+ Qe5
41. Qd3 Qg5+ 42. Kh2 Qd5 43. Qc3+ Qe5+ 44. Qxe5+ Kxe5 45. Kg2 Kd4 46. Kf1 Kd3 47. Ke1 Kc2 48. Ke2 Kb2 49. Kd3 Kxa2 50. Kc4 Kb2
51. f4 f6 52. f3 Kc2
0-1

[Event "DRAGHIEN  I"]
[Site "SchemingMind.com"]
[Date "2016.06.08"]
[Round "-"]
[White "emvarela"]
[Black "kenneth m day"]
[Result "0-1"]
[WhiteCountry "ARG"]
[BlackCountry "USA"]
[WhiteElo "1728"]
[WhiteRD "49"]
[BlackElo "1724"]
[BlackRD "56"]
[GameID "400124"]

1. e4 e5 2. Nf3 Nc6 3. Bb5 d6 4. d4 exd4 5. Qxd4 Bd7 6. Bxc6 Bxc6 7. Nc3 Nf6 8. Bg5 Be7 9. O-O-O O-O 10. Qe3 h6
11. Bxf6 Bxf6 12. Nd5 Re8 13. Nxf6+ Qxf6 14. Nd2 d5 15. f3 dxe4 16. Nxe4 Qe6 17. Qc3 Qxa2 18. b3 Qa3+ 19. Qb2 Qxb2+ 20. Kxb2 Bxe4
21. fxe4 Rxe4 22. Rd2 Rae8 23. Kc3 Re3+ 24. Kb2 Re2 25. Rhd1 Rxd2 26. Rxd2 Re7 27. h3 f5 28. c4 Kf7 29. Kc3 Kf6 30. Kb4 g5
31. Rd3 f4 32. g3 Kf5 33. gxf4 gxf4 34. Rd5+ Ke4 35. Kc3 f3 36. Rd4+ Ke3 37. Rd3+ Kf2
0-1

[Event "DRAGHIEN  I"]
[Site "SchemingMind.com"]
[Date "2016.06.07"]
[Round "-"]
[White "kenneth m day"]
[Black "emvarela"]
[Result "1-0"]
[WhiteCountry "USA"]
[BlackCountry "ARG"]
[WhiteElo "1724"]
[WhiteRD "56"]
[BlackElo "1728"]
[BlackRD "49"]
[GameID "400125"]

1. e4 c5 2. d4 d6 3. Nf3 cxd4 4. c3 dxc3 5. Nxc3 Nf6 6. Bc4 Bg4 7. Qe2 e6 8. O-O Qc7 9. Bd3 Bxf3 10. Qxf3 a6
11. Bf4 Be7 12. Rac1 Nc6 13. Rfd1 Nd4 14. Qg3 Nh5 15. Qg4 g6 16. Be3 Nc6 17. f4 Qd7 18. f5 Ne5 19. Qh3 Nxd3 20. Rxd3 exf5
21. Nd5 O-O 22. Rc7 Qb5 23. Rb3 Qe2 24. Nxe7+ Kh8 25. Qh4 Qd1+ 26. Kf2 d5 27. Rc1 Qg4 28. Qxg4 fxg4 29. exd5 b5 30. d6 Rfd8
31. Rd3 Rd7 32. Rc8+ Rxc8 33. Nxc8 Nf6 34. Bd4 Kg7 35. Be5
1-0

[Event "DRAGHIEN  I"]
[Site "SchemingMind.com"]
[Date "2016.06.09"]
[Round "-"]
[White "kenneth m day"]
[Black "Phillip Beckett"]
[Result "1-0"]
[WhiteCountry "USA"]
[BlackCountry "ENG"]
[WhiteElo "1736"]
[WhiteRD "54"]
[BlackElo "1549"]
[BlackRD "51"]
[GameID "400127"]

1. e4 e5 2. f4 Qh4+ 3. g3 Qe7 4. d3 exf4 5. Bxf4 d5 6. Nc3 dxe4 7. dxe4 c6 8. Nge2 Bg4 9. Bg2 Nd7 10. Qd2 O-O-O
11. O-O-O Nb6 12. Qe3 f6 13. h3 Bxe2 14. Qxe2 g5 15. Be3 Kb8 16. Rd2 Rxd2 17. Qxd2 Bg7 18. Rd1 Nh6 19. Qf2 Rd8 20. Bc5 Rxd1+
21. Nxd1 Qe5 22. Bd4 Qc7 23. Nc3 Nc8 24. Bxf6 Bxf6 25. Qxf6 Qxg3 26. Qf3 Qxf3 27. Bxf3 Nd6 28. Kd2 Nhf7 29. b3 Ne5 30. Be2 Kc7
31. Ke3 h6 32. Kd4 Nef7 33. e5 Ne8 34. Bh5 Nfd6 35. exd6+ Nxd6 36. Ke5 Kd7 37. Kf6
1-0

[Event "DRAGHIEN  I"]
[Site "SchemingMind.com"]
[Date "2016.06.07"]
[Round "-"]
[White "Scooter"]
[Black "kenneth m day"]
[Result "0-1"]
[WhiteCountry "USA"]
[BlackCountry "USA"]
[WhiteElo "1738"]
[WhiteRD "54"]
[BlackElo "1736"]
[BlackRD "54"]
[GameID "400128"]

1. d4 Nf6 2. Nf3 d6 3. Bf4 g6 4. e3 Bg7 5. Be2 O-O 6. O-O b6 7. Nbd2 Bb7 8. h3 Nbd7 9. Rb1 c5 10. c3 Re8
11. Qc2 Rc8 12. Bg5 h6 13. Bxf6 Nxf6 14. b3 cxd4 15. exd4 Nd5 16. c4 Nf4 17. Rfe1 Qd7 18. d5 e6 19. dxe6 Rxe6 20. Qd1 Rce8
21. Bf1 Bc3 22. Rxe6 Qxe6 23. Qc2 Bg7 24. Re1 Qd7 25. Rxe8+ Qxe8 26. g3 Nh5 27. Bd3 Qe6 28. Kh2 Qf6 29. Ne4 Qxf3
0-1

[Event "DRAGHIEN  I"]
[Site "SchemingMind.com"]
[Date "2016.06.07"]
[Round "-"]
[White "kenneth m day"]
[Black "Scooter"]
[Result "1/2-1/2"]
[WhiteCountry "USA"]
[BlackCountry "USA"]
[WhiteElo "1736"]
[WhiteRD "54"]
[BlackElo "1738"]
[BlackRD "54"]
[GameID "400129"]

1. e4 c6 2. c4 d5 3. cxd5 cxd5 4. exd5 Qxd5 5. Nc3 Qd8 6. d4 Nf6 7. Bc4 Nbd7 8. Nf3 e6 9. Qe2 Bb4 10. O-O O-O
11. Bg5 Qa5 12. Bd2 a6 13. Bb3 b5 14. a3 Bxc3 15. Bxc3 Qd8 16. Rfd1 Bb7 17. Bc2 Bxf3 18. Qxf3 Nd5 19. Be4 N7f6 20. Bb4 Re8
21. Bc5 Nxe4 22. Qxe4 Nf6 23. Qe5 Nd7 24. Qd6 Nf6 25. Qg3 Qd5 26. f3 Rac8 27. Rac1 Nd7 28. b4 Qb3 29. f4 Nxc5 30. dxc5 Qxg3
31. hxg3 h5 32. Rd6 Ra8 33. c6 Rec8 34. c7 Kf8 35. Rcc6 Ke7 36. Rd1 Ra7 37. Rdd6 f5 38. Rxe6+ Kd7 39. Red6+ Ke7 40. Re6+ Kd7
41. Red6+ Ke7 42. Re6+ Kd7 43. Red6+=
1/2-1/2

[Event "DRAGHIEN  I"]
[Site "SchemingMind.com"]
[Date "2016.06.07"]
[Round "-"]
[White "kenneth m day"]
[Black "ray winteringham"]
[Result "0-1"]
[WhiteCountry "USA"]
[BlackCountry "ENG"]
[WhiteElo "1736"]
[WhiteRD "54"]
[BlackElo "1490"]
[BlackRD "52"]
[GameID "400130"]

1. e4 e5 2. f4 exf4 3. Nf3 d6 4. d4 Be7 5. Bxf4 Bg4 6. Be2 Nf6 7. Nc3 O-O 8. Qd2 Nbd7 9. O-O-O b6 10. h3 Bh5
11. g4 Bg6 12. Bd3 h6 13. Rdg1 Nh7 14. h4 f6 15. g5 fxg5 16. hxg5 h5 17. e5 dxe5 18. Nxe5 Nxe5 19. dxe5 Bxd3 20. cxd3 Qd4
21. Qe3 Rxf4 22. Qxd4 Rxd4 23. Kc2 g6 24. Nb5 Rd5 25. Nc3 Rxe5 26. Ne4 Kg7 27. Kc3 Bxg5 28. Re1 Rf8 29. Rhg1 Bf6 30. Kb3 Rb5+
31. Kc4 Rxb2 32. Nxf6 Rxf6 33. Re7+ Kh6 34. Kc3 Rbf2 35. Rxc7 Rf7 36. Rc6 Ng5 37. Rc8 Nh7 38. Rc6 Ng5 39. a4 R2f3 40. Re1 Nh3
41. Ree6 Nf4 42. Red6 Rf6 43. Rxf6 Nd5+ 44. Kd4 Rxf6 45. Kxd5 Rxc6 46. Kxc6 h4
0-1

[Event "DRAGHIEN  I"]
[Site "SchemingMind.com"]
[Date "2016.06.07"]
[Round "-"]
[White "ray winteringham"]
[Black "kenneth m day"]
[Result "0-1"]
[WhiteCountry "ENG"]
[BlackCountry "USA"]
[WhiteElo "1505"]
[WhiteRD "53"]
[BlackElo "1705"]
[BlackRD "53"]
[GameID "400131"]

1. e4 e5 2. Nf3 Nc6 3. Bc4 Nf6 4. d3 Bc5 5. h3 O-O 6. O-O a6 7. Bd5 Nxd5 8. exd5 Nb4 9. c4 a5 10. a3 Na6
11. Nxe5 d6 12. Nf3 Bd7 13. Be3 Bxe3 14. fxe3 Nc5 15. Nbd2 Nxd3 16. Qc2 Nc5 17. b3 Re8 18. b4 axb4 19. axb4 Na6 20. b5 Nc5
21. e4 Qf6 22. Rab1 Qg6 23. Kh1 Nxe4 24. Nxe4 Rxe4 25. Qb3 Re2 26. Rbe1 Raa2 27. Rxe2 Rxe2 28. g4 Qe4 29. Qd1 Qxc4 30. Qb1 Bxb5
31. Ng5 Qxd5+ 32. Rf3 Qxg5 33. Rf5 Qe3 34. Qxb5 Qxh3+ 35. Kg1 Qg2#
0-1

[Event "DRAGHIEN  I"]
[Site "SchemingMind.com"]
[Date "2016.06.07"]
[Round "-"]
[White "kenneth m day"]
[Black "Simon Green"]
[Result "1-0"]
[WhiteCountry "USA"]
[BlackCountry "ENG"]
[WhiteElo "1736"]
[WhiteRD "54"]
[BlackElo "1600"]
[BlackRD "58"]
[GameID "400132"]

1. e4 e6 2. d4 d5 3. Nd2 Nf6 4. e5 Nfd7 5. Bd3 c5 6. c3 c4 7. Bc2 Be7 8. Ndf3 f5 9. exf6 Bxf6 10. Ne2 Nc6
11. h4 O-O 12. Bg5 Bxg5 13. Nxg5 Nf6 14. Nf4 Qe7 15. Qe2 Re8 16. O-O-O h6 17. Nf3 Bd7 18. Ng6 Qf7 19. Nge5 Nxe5 20. Nxe5 Qe7
21. Bg6 Rf8 22. g4 Be8 23. Rdg1 Kh8 24. Bb1 Bf7 25. g5 Bh5 26. gxf6 Bxe2 27. Ng6+
1-0

[Event "DRAGHIEN  I"]
[Site "SchemingMind.com"]
[Date "2016.06.08"]
[Round "-"]
[White "Simon Green"]
[Black "kenneth m day"]
[Result "0-1"]
[WhiteCountry "ENG"]
[BlackCountry "USA"]
[WhiteElo "1600"]
[WhiteRD "58"]
[BlackElo "1736"]
[BlackRD "54"]
[GameID "400133"]

1. d4 Nf6 2. e3 e6 3. Bd3 d5 4. f4 c5 5. c3 Nc6 6. Nf3 cxd4 7. exd4 Bd6 8. Ne5 Ne4 9. Bxe4 dxe4 10. O-O O-O
11. Qe1 f5 12. Be3 Rf6 13. Nd2 Rh6 14. Qg3 Be7 15. Qf2 Qe8 16. g3 Qh5 17. Ndf3 exf3 18. Nxf3 b6 19. Kg2 Bb7 20. Kg1 Bf6
21. Ne5 Ne7 22. Nf3 Bxf3
0-1

[Event "DRAGHIEN  I"]
[Site "SchemingMind.com"]
[Date "2016.06.15"]
[Round "-"]
[White "tyler_ensor"]
[Black "Wojtek26"]
[Result "1-0"]
[WhiteCountry "CAN"]
[BlackCountry "POL"]
[WhiteElo "1889"]
[WhiteRD "77"]
[BlackElo "1588"]
[BlackRD "51"]
[GameID "400427"]

1. d4 d5 2. c4 dxc4 3. Nf3 Nf6 4. e3 e6 5. Bxc4 Bb4+ 6. Bd2 Bxd2+ 7. Qxd2 O-O 8. Nc3 b6 9. O-O Bb7 10. Ne5 Nbd7
11. f4 Nxe5 12. fxe5 Ne4 13. Nxe4 Bxe4 14. Rf4 Bd5 15. Bd3 Qg5 16. Qe2 f6 17. Rg4 Qh6 18. exf6 Rxf6 19. e4 Bc6 20. Qc2 Raf8
21. Rg3 Rf2 22. Qxc6 Rxb2 23. Qxc7 Rbf2 24. e5 g6 25. Qe7 Qd2 26. Bxg6
1-0

[Event "DRAGHIEN  I"]
[Site "SchemingMind.com"]
[Date "2016.06.15"]
[Round "-"]
[White "Wojtek26"]
[Black "tyler_ensor"]
[Result "0-1"]
[WhiteCountry "POL"]
[BlackCountry "CAN"]
[WhiteElo "1571"]
[WhiteRD "51"]
[BlackElo "1921"]
[BlackRD "76"]
[GameID "400428"]

1. e4 d5 2. exd5 Qxd5 3. Nc3 Qa5 4. d3 c6 5. Bd2 Qc7 6. Nf3 Nf6 7. g3 Bg4 8. Bg2 e6 9. O-O Nbd7 10. Qe1 Bd6
11. Ne4 Nxe4 12. Qxe4 Nf6 13. Qe1 O-O 14. Bc3 Nd5 15. h3 Nxc3 16. bxc3 Bh5 17. Qe4 Bg6 18. Qe1 Rfd8 19. Ng5 Qa5 20. c4 Qxg5
21. h4 Qe7 22. Be4 Bxe4 23. Qxe4 Rd7 24. d4 Rad8 25. c3 Bc7 26. Rfe1 Ba5 27. Qc2 Qa3 28. Rec1 Qd6 29. c5 Qd5 30. Re1 Qc4
31. Re4 Qxc3 32. Qxc3 Bxc3 33. Rb1 Bxd4
0-1

[Event "DRAGHIEN  I"]
[Site "SchemingMind.com"]
[Date "2016.06.20"]
[Round "-"]
[White "emvarela"]
[Black "Wojtek26"]
[Result "1-0"]
[WhiteCountry "ARG"]
[BlackCountry "POL"]
[WhiteElo "1693"]
[WhiteRD "50"]
[BlackElo "1571"]
[BlackRD "51"]
[GameID "400429"]

1. e4 e5 2. Nf3 Nc6 3. d4 exd4 4. c3 dxc3 5. Bc4 cxb2 6. Bxb2 Nf6 7. Qb3 d5 8. exd5 Na5 9. Qa4+ c6 10. dxc6 Nxc6
11. O-O Be7 12. Nc3 Bd7 13. Nd5 Nxd5 14. Bxd5 Nb4 15. Bxf7+ Kxf7 16. Ne5+ Ke8 17. Qb3 Rf8 18. Rad1 Nc6 19. Nxd7 Qc7 20. Nxf8 Kxf8
21. Qf3+ Kg8 22. Qg4 Bc5 23. Rd7
1-0

[Event "DRAGHIEN  I"]
[Site "SchemingMind.com"]
[Date "2016.06.20"]
[Round "-"]
[White "Wojtek26"]
[Black "emvarela"]
[Result "1/2-1/2"]
[WhiteCountry "POL"]
[BlackCountry "ARG"]
[WhiteElo "1469"]
[WhiteRD "44"]
[BlackElo "1712"]
[BlackRD "48"]
[GameID "400430"]

1. e4 e5 2. Nf3 Nc6 3. Bb5 a6 4. Ba4 Nf6 5. d3 b5 6. Bb3 h6 7. O-O Bb7 8. Nc3 Bc5 9. Be3 Bxe3 10. fxe3 d6
11. Nd5 Na5 12. Nxf6+ gxf6 13. Qe1 Nxb3 14. cxb3 c5 15. Qh4 Qe7 16. Rac1 Kd7 17. Kf2 Rag8 18. Qh3+ Qe6 19. Qxe6+ Kxe6 20. Nh4 Rg4
21. Nf3 Rhg8 22. g3 f5 23. exf5+ Kxf5 24. Kg1 Bxf3 25. Rxf3+ Ke6 26. Rcf1 R8g7 27. Rf6+ Ke7 28. Rxh6 R4g6 29. Rxg6 Rxg6 30. Rf5 Ke6
31. Rh5 f5 32. Rh8 f4 33. exf4 exf4 34. Kf2 fxg3+ 35. hxg3 Ke5 36. Rh4 d5 37. Kf3 a5 38. Rg4 Rf6+ 39. Rf4 Rh6 40. Rh4 Rf6+
41. Rf4=
1/2-1/2

[Event "DRAGHIEN  I"]
[Site "SchemingMind.com"]
[Date "2016.06.15"]
[Round "-"]
[White "Phillip Beckett"]
[Black "Wojtek26"]
[Result "0-1"]
[WhiteCountry "ENG"]
[BlackCountry "POL"]
[WhiteElo "1572"]
[WhiteRD "52"]
[BlackElo "1588"]
[BlackRD "51"]
[GameID "400431"]

1. d4 d5 2. e3 Nc6 3. f4 Nf6 4. Nf3 Bg4 5. c3 e6 6. Bd3 Bd6 7. O-O Ne4 8. Qe1 O-O 9. Nbd2 Nxd2 10. Qxd2 f5
11. Ne5 Nxe5 12. fxe5 Be7 13. h3 Bh5 14. Qf2 c5 15. Bd2 c4 16. Bc2 Bh4 17. g3 Qg5 18. e4 Qxg3+ 19. Qxg3 Bxg3 20. exd5 exd5
21. Bf4 Bxf4 22. Rxf4 Bg6 23. Raf1 Rf7 24. Bxf5 Bxf5 25. Rxf5 Re7 26. Kg2 Rae8 27. Kg3 g6 28. Rf6 Kg7 29. Rd6 Rf7 30. Rxf7+ Kxf7
31. Rxd5 Ke6 32. Kg4 Kxd5
0-1

[Event "DRAGHIEN  I"]
[Site "SchemingMind.com"]
[Date "2016.06.15"]
[Round "-"]
[White "Wojtek26"]
[Black "Phillip Beckett"]
[Result "1/2-1/2"]
[WhiteCountry "POL"]
[BlackCountry "ENG"]
[WhiteElo "1588"]
[WhiteRD "51"]
[BlackElo "1572"]
[BlackRD "52"]
[GameID "400432"]

1. e4 e5 2. Nf3 Nc6 3. Bb5 a6 4. Ba4 Nf6 5. d3 d6 6. O-O Be7 7. Nc3 O-O 8. Bg5 h6 9. Bxf6 Bxf6 10. Nd5 b5
11. Bb3 Nd4 12. Nxd4 exd4 13. Nxf6+ Qxf6 14. f4 Qh4 15. Qf3 Bg4 16. Qf2 Qxf2+ 17. Rxf2 Kh7 18. f5 f6 19. h3 Bh5 20. g4 Bf7
21. Bxf7 Rxf7 22. h4 c5 23. h5 Re7 24. Kf1 Rae8 25. Re1 d5 26. Rfe2 dxe4 27. dxe4 Re5 28. Kf2 Kg8 29. Kf3 Kf7 30. Kf4 Ke7
31. b3 Kd6 32. Rd1 Kc6 33. Rd3 R5e7 34. c3 dxc3 35. Rxc3 Re5 36. Rd3 R8e7 37. Rd8 Re8 38. Rxe8 Rxe8 39. Rd2 Re5 40. Rd8 Kc7
41. Ra8 Kb7 42. Rd8 Kc7 43. Ra8 Kb7=
1/2-1/2

[Event "DRAGHIEN  I"]
[Site "SchemingMind.com"]
[Date "2016.06.15"]
[Round "-"]
[White "Scooter"]
[Black "Wojtek26"]
[Result "1-0"]
[WhiteCountry "USA"]
[BlackCountry "POL"]
[WhiteElo "1761"]
[WhiteRD "49"]
[BlackElo "1603"]
[BlackRD "51"]
[GameID "400433"]

1. d4 d5 2. Nf3 Nf6 3. Bf4 e6 4. e3 Bb4+ 5. c3 Ba5 6. Be2 O-O 7. O-O Nbd7 8. Nbd2 c5 9. Ne5 cxd4 10. cxd4 Bxd2
11. Qxd2 Ne4 12. Qd3 Nxe5 13. Bxe5 f6 14. Bf4 Qe7 15. h3 e5 16. dxe5 fxe5 17. Qxd5+ Qf7 18. Qxe4 exf4 19. Bc4
1-0

[Event "DRAGHIEN  I"]
[Site "SchemingMind.com"]
[Date "2016.06.15"]
[Round "-"]
[White "Wojtek26"]
[Black "Scooter"]
[Result "0-1"]
[WhiteCountry "POL"]
[BlackCountry "USA"]
[WhiteElo "1603"]
[WhiteRD "51"]
[BlackElo "1761"]
[BlackRD "49"]
[GameID "400434"]

1. e4 c6 2. Nc3 d5 3. d3 dxe4 4. Nxe4 Bf5 5. f3 Nd7 6. Ne2 Qc7 7. N2g3 Bxe4 8. fxe4 O-O-O 9. Be2 Ngf6 10. O-O e6
11. Bg5 Be7 12. a4 h6 13. Bf4 Bd6 14. a5 Bxf4 15. a6 Qb6+ 16. Kh1 Bxg3 17. axb7+ Kxb7 18. hxg3 h5 19. c4 Qe3 20. Rf3 Qg5
21. Qa4 Ra8 22. Qa6+ Kc7 23. Ra5 Qc1+ 24. Rf1 Qxb2 25. Bf3 Qb6 26. Qxb6+ axb6 27. Rxa8 Rxa8 28. Rb1 Ne5 29. Be2 Rd8 30. c5 bxc5
31. Rc1 Nxd3 32. Bxd3 Rxd3
0-1

[Event "DRAGHIEN  I"]
[Site "SchemingMind.com"]
[Date "2016.06.15"]
[Round "-"]
[White "kenneth m day"]
[Black "Wojtek26"]
[Result "1-0"]
[WhiteCountry "USA"]
[BlackCountry "POL"]
[WhiteElo "1705"]
[WhiteRD "53"]
[BlackElo "1588"]
[BlackRD "51"]
[GameID "400435"]

1. e4 e5 2. f4 exf4 3. Nf3 d6 4. d4 Bg4 5. Bxf4 Nf6 6. Nc3 Nc6 7. Be2 Be7 8. Qd2 d5 9. exd5 Nxd5 10. Nxd5 Qxd5
11. O-O Bd6 12. Bxd6 Qxd6 13. Qe3+ Qe7 14. Qxe7+ Nxe7 15. Rae1 O-O 16. Bc4 Ng6 17. Ne5 Nxe5 18. Rxe5 Rad8 19. c3 b6 20. Re7 Rd7
21. Rfe1 Rfd8 22. Re8+
1-0

[Event "DRAGHIEN  I"]
[Site "SchemingMind.com"]
[Date "2016.06.15"]
[Round "-"]
[White "Wojtek26"]
[Black "kenneth m day"]
[Result "0-1"]
[WhiteCountry "POL"]
[BlackCountry "USA"]
[WhiteElo "1571"]
[WhiteRD "51"]
[BlackElo "1736"]
[BlackRD "54"]
[GameID "400436"]

1. e4 e5 2. Nf3 Nc6 3. Bb5 f5 4. d3 fxe4 5. dxe4 Nf6 6. Bxc6 bxc6 7. O-O d6 8. Nc3 Be7 9. h3 O-O 10. Re1 Be6
11. Bg5 Qd7 12. Nxe5 dxe5 13. Qxd7 Bxd7 14. f4 Bc5+ 15. Kh1 Bd6 16. f5 Rab8 17. Rab1 h6 18. Bxf6 Rxf6 19. b3 g6 20. fxg6 Rxg6
21. Rf1 Rf8 22. Rxf8+ Kxf8 23. Rf1+ Kg7 24. Ne2 c5 25. c4 Be7 26. Nc3 c6 27. g4 Rf6 28. Rxf6 Bxf6 29. Kg2 Kg6 30. Na4 Be7
31. Kf3 Kg5 32. Kg3 Be8 33. Nc3 Bg6 34. Kf3 Kh4 35. Nd1 Kxh3 36. Nf2+ Kh4 37. Nd3 Bd6 38. a4 Bxe4+ 39. Kxe4 Kxg4 40. Nf2+ Kg3
41. Nd3 h5 42. Nxe5 Bxe5
0-1

[Event "DRAGHIEN  I"]
[Site "SchemingMind.com"]
[Date "2016.06.15"]
[Round "-"]
[White "ray winteringham"]
[Black "Wojtek26"]
[Result "0-1"]
[WhiteCountry "ENG"]
[BlackCountry "POL"]
[WhiteElo "1491"]
[WhiteRD "56"]
[BlackElo "1603"]
[BlackRD "51"]
[GameID "400437"]

1. e4 e5 2. Nf3 Nc6 3. Bb5 Nge7 4. d3 g6 5. Be3 a6 6. Ba4 Bg7 7. Nbd2 O-O 8. c4 d6 9. h3 Bd7 10. O-O Qc8
11. Nh2 Nd4 12. Bc2 Nec6 13. Nhf3 f5 14. Bxd4 exd4 15. exf5 Bxf5 16. Bb3 Bxd3 17. Re1 Qf5 18. Rc1 Na5 19. Nxd4 Bxd4 20. Ne4 Bxf2+
21. Kh1 Bxe1 22. Qxd3 Nxb3 23. axb3 Bb4 24. Rd1 Rae8
0-1

[Event "DRAGHIEN  I"]
[Site "SchemingMind.com"]
[Date "2016.06.15"]
[Round "-"]
[White "Wojtek26"]
[Black "ray winteringham"]
[Result "0-1"]
[WhiteCountry "POL"]
[BlackCountry "ENG"]
[WhiteElo "1603"]
[WhiteRD "51"]
[BlackElo "1491"]
[BlackRD "56"]
[GameID "400438"]

1. e4 e5 2. Nf3 Nc6 3. Bb5 d6 4. O-O Bd7 5. Nc3 a6 6. Ba4 Be7 7. Bxc6 Bxc6 8. d4 Nf6 9. d5 Bd7 10. h3 h6
11. b3 O-O 12. Bb2 c6 13. Na4 c5 14. c4 Nxe4 15. Qd3 Bf5 16. Qe3 Ng5 17. Nc3 Bg6 18. Ne2 f5 19. Bc1 f4 20. Qc3 e4
21. Nxf4 exf3 22. Nxg6 fxg2 23. Nxe7+ Qxe7 24. Kxg2 Qe4+ 25. Kh2 Nf3+ 26. Kg2 Nh4+ 27. Kh2 Qg2#
0-1

[Event "DRAGHIEN  I"]
[Site "SchemingMind.com"]
[Date "2016.06.19"]
[Round "-"]
[White "Simon Green"]
[Black "Wojtek26"]
[Result "0-1"]
[WhiteCountry "ENG"]
[BlackCountry "POL"]
[WhiteElo "1600"]
[WhiteRD "58"]
[BlackElo "1571"]
[BlackRD "51"]
[GameID "400439"]

1. d4 d5 2. e3 Nf6 3. Bd3 e6 4. f4 Bd6 5. Nf3 O-O 6. O-O c5 7. c3 Nc6 8. Nbd2 c4 9. Bc2 Bd7 10. Qe1 Re8
11. Ne5 b5 12. Ndf3 Ne7 13. Qg3 h6 14. Qg4 Nxg4 15. Nxg4 Ng6 16. Bxg6 fxg6 17. Nge5 g5 18. fxg5 Bxe5 19. Nxe5 Qxg5 20. Nxd7 a5
21. e4 Qg4 22. e5 Re7 23. Nc5 Qe2 24. h3 b4 25. cxb4 axb4 26. Bf4 Qxb2 27. Rac1 Qxd4+
0-1

[Event "DRAGHIEN  I"]
[Site "SchemingMind.com"]
[Date "2016.06.17"]
[Round "-"]
[White "Wojtek26"]
[Black "Simon Green"]
[Result "0-1"]
[WhiteCountry "POL"]
[BlackCountry "ENG"]
[WhiteElo "1571"]
[WhiteRD "51"]
[BlackElo "1600"]
[BlackRD "58"]
[GameID "400440"]

1. e4 e6 2. Nf3 d5 3. exd5 exd5 4. Bb5+ c6 5. Ba4 b5 6. Bb3 Nf6 7. O-O Be7 8. Re1 O-O 9. d3 Bg4 10. h3 Bxf3
11. Qxf3 Nbd7 12. Bf4 Nc5 13. Nd2 Bd6 14. Bxd6 Qxd6 15. Re2 Ne6 16. c4 Nd4 17. Qe3 Nxe2+ 18. Qxe2 Rae8 19. Qf3 a6 20. cxb5 axb5
21. a4 Ra8 22. a5 Ra6 23. Bc2 Qb4 24. Nb3 c5 25. Qe3 c4 26. Qc5 Qxc5 27. Nxc5 Ra7 28. dxc4 dxc4 29. a6 Rd8 30. Rd1 Rxd1+
31. Bxd1 Nd5 32. Bf3 Nb4 33. Nd3 Nxd3
0-1

[Event "DRAGHIEN  I"]
[Site "SchemingMind.com"]
[Date "2016.06.17"]
[Round "-"]
[White "tyler_ensor"]
[Black "buddhastalin"]
[Result "1-0"]
[WhiteCountry "CAN"]
[BlackCountry "USA"]
[WhiteElo "1907"]
[WhiteRD "79"]
[BlackElo "1649"]
[BlackRD "79"]
[GameID "400466"]

1. d4 d5 2. c4 c6 3. cxd5 cxd5 4. Nc3 Nc6 5. Bf4 Nf6 6. e3 g6 7. Nf3 Bg7 8. Rc1 O-O 9. Be2 Nh5 10. Bg5 h6
11. Bh4 Qa5 12. Qb3 e6 13. O-O Nf6 14. Bg3 Qb4 15. Qxb4 Nxb4 16. Bd6
1-0

[Event "DRAGHIEN  I"]
[Site "SchemingMind.com"]
[Date "2016.06.16"]
[Round "-"]
[White "buddhastalin"]
[Black "tyler_ensor"]
[Result "1-0"]
[WhiteCountry "USA"]
[BlackCountry "CAN"]
[WhiteElo "1740"]
[WhiteRD "72"]
[BlackElo "1852"]
[BlackRD "77"]
[GameID "400467"]

1. d4 Nf6 2. Bg5 Ne4 3. Bh4 c5 4. dxc5 Qa5+ 5. c3 Qxc5 6. Nf3 g5 7. Bg3 Bg7 8. Nbd2 Nxg3 9. hxg3 h6 10. e4 d6
11. Bd3 Bg4 12. Qc2 Nd7 13. O-O-O a6 14. Nb3 Qc7 15. Rde1 O-O 16. e5 dxe5 17. Nxg5 Rfd8 18. Ne4 b5 19. f3 Bf5 20. g4 Bg6
21. Ng3 Bxd3 22. Qxd3 Nb6 23. Qc2 Nc4 24. Nf5 Qb6 25. Nxe7+ Kf8 26. Nf5 Rd7 27. g5 Qg6 28. gxh6 Qg5+ 29. Kb1 Bh8 30. g4 Rad8
31. Rh5 Qf4 32. Qf2 Nd2+ 33. Nxd2 Rxd2 34. Qc5+
1-0